Quel établissement financier utilise ce slogan ? - Statistiques

Statistiques générales
  • Ce quiz a été pris 32 fois
  • Le résultat moyen est 13 sur 30
Statistiques - réponses
Hint Réponse % Correct
Le bon sens a de l'avenir CA Crédit Agricole
88%
L'imagination dans le bon sens CA Crédit Agricole
88%
Une banque qui appartient à ses clients, ça change tout CM Crédit Mutuel
84%
La réussite est en vous BP Banque Populaire
78%
On est là pour vous aider SG Société Générale
72%
La banque et l'assurance d'un monde qui change BP BNP Paribas
66%
Le pouvoir de dire OUI L LCL
63%
Demandez plus à votre argent L LCL
63%
La Banque. Nouvelle définition CE Caisse d'Epargne
59%
Vous être utile CE Caisse d'Epargne
59%
Parce que le monde bouge C CIC
56%
Construisons dans un monde qui bouge C CIC
56%
Bien plus qu'une banque LBP La Banque postale
56%
Banque et Citoyenne LBP La Banque postale
56%
Aujourd'hui, qui peut se passer d'une bonne banque ? CL Crédit Lyonnais
53%
La banque qu'on a envie de recommander B Boursorama
47%
Plus loin, avec vous CDN Crédit du Nord
41%
Foncièrement dans la vie CF Crédit Foncier
28%
Votre banque partout dans le monde H HSBC
25%
Mobile, comme vous HB Hello Bank
22%
Changez votre regard sur le crédit C Cofidis
19%
J'aime ma banque FB Fortuneo Banque
16%
Ma banque privée en ligne B BforBank
13%
Donnons de l'avenir à vos projets C Cetelem
13%
Plus responsables, ensemble C Cetelem
13%
La vie a parfois besoin d'un crédit S Sofinco
13%
De loin la banque la plus proche M Monabanq
9%
Tout simplement le crédit qui vous va C Cofinoga
6%
Créateur de valeur FB Fortis Banque
0%
Ma banque doit être comme ça ID ING Direct
0%
Aucun quiz correspondant
Distribution des résultats
% des personnes avec chaque résultat
Percentile par nombre de réponses
Votre historique - résultats
Vous n’avez pas pris ce quiz